01439nam a2200313 a 4500001001000000005001700010041000800027044000800035084002100043100004500064245010900109260007500218300004800293500009300341500008800434500012600522500005100648500001100699546002400710650005200734650005600786650003400842650004500876700003900921700003300960700004100993700004101034740005001075BRCA_340920190320204252.0 aeng aenk a698b.W376c19261 aCervantes Saavedra, Miguel ded1547-161610aDon Quixote de la ManchacTranslated from the Spanish of Miguel de Cervantes Saavedra by Charles Jarvis. aLondres : Nueva YorkbFrederick Warne and Co. : Scribner and Co.c1926 a1 v. en 2 partes (xiv, 710 p.)bil.c22 cm. aContenido : Primera parte. Prólogo de Cervantes. Segunda parte. Prólogo de Cervantes aEdición : With 100 Illustrations by A. Houghton; Engraved by the Brothers Dalziel aEjemplar igual al anterior [697]. Tela; lomo y plano decorados con asuntos quijotescos en negro y dorado Lúdovik Osterc aEstado físico : Encuadernación desprendida aQM1040 aTexto en : inglés14aNovela españolayÉpoca clásica, 1500-170014aLiteratura españolayÉpoca clásica, 1500-170014aNovela españolaySiglo XVII14aDon Quijote (Personaje ficticio)eNovela1 aJarvis, Charlesd?-1739eTraductor1 aHoughton, ArthureIlustrador1 aDalziel, Edwardd1817-1905eGrabador1 aDalziel, Georged1815-1902eGrabador0 aEl Ingenioso Hidalgo Don Quijote de la Mancha